000 00490nam a22001577a 4500
003 macl
005 20190702114530.0
008 190702b xxu||||| |||| 00| 0 eng d
040 _cmacl
082 _a891.433/ACH/S
100 _aआशावादी ,मधु आचार्य
_975698
245 _aसुन पगली
260 _aबीकानेर
_bसूर्य प्रकाशन मन्दिर
_c2015
650 _aकहानी
_975699
942 _2ddc
_cHIN
999 _c60369
_d60369